| 000 | 00619cam a22002171 4500 | ||
|---|---|---|---|
| 001 | ne 65001197 | ||
| 003 | DLC | ||
| 005 | 20260227111814.0 | ||
| 008 | 890522s1964 xx a 000 0 ara | ||
| 010 | _ane 65001197 | ||
| 035 | _a(OCoLC)23509594 | ||
| 040 |
_aDLC _cMiU _dDLC |
||
| 042 | _apremarc | ||
| 050 | 0 | 0 |
_aLC5058.E3 _bM8 |
| 110 | 2 |
_aIttiḥād al-Ishtirākī al-ʻArabī (Egypt). _bMuʼassasah al-Thaqāfīyah al-ʻUmmālīyah. |
|
| 245 | 1 | 3 | _aal-Khuṭṭah al-ʻāmmah lil-barāmij. |
| 260 | _c1964. | ||
| 300 |
_a45 p. _billus. _c24 cm. |
||
| 500 | _aRomanized. | ||
| 650 | 0 |
_aWorking class _xEducation. |
|
| 999 |
_c48182 _d48182 |
||